| 000 | 00517nam a2200181Ia 4500 | ||
|---|---|---|---|
| 005 | 20250508160802.0 | ||
| 008 | 008 250505s9999 xx 000 0 hin d | ||
| 037 | _aTextual | ||
| 040 |
_aFEDL _beng _cFEDL |
||
| 041 |
_ahin _2eng |
||
| 084 |
_a491.432, TYA _qFEDL |
||
| 100 |
_aTyagi Chandra Prakash _9402879 |
||
| 245 | 0 | _aDesi shabdon ka bhasha vaigyanik adhyayan | |
| 260 |
_aDelhi, India _bLipi Prakashan _c1972 |
||
| 300 | _a232p | ||
| 942 |
_cTEXL _h491.432, TYA |
||
| 999 |
_c1366618 _d1366618 |
||